000 00664nam a2200193Ia 4500
003 GCL
008 140319s9999 xx 000 0 ara d
020 _a137281797
040 _aGCL /
_cGCL
082 0 4 _a928.1
_bا ش
100 1 _aايمان مهران
245 1 0 _aشيخ المؤلفين '' محمد يونس القاضى '' رائد التاليف المسرحى و الغنائى 0 /
_cايمان مهران
250 _aالاولى
260 _aالقاهرة :
_bالهدى لطباعة الاوفست ،
_c2004
300 _a281 ؛
_c24سم
650 0 4 _aالرجال - تراجم
650 0 4 _aمحمد يونس القاضى
942 _2ddc
_cBK
999 _c6785
_d6785